Europe countries/US states(and territories) by pop - Statistics

General Stats
  • This quiz has been taken 12 times
  • The average score is 51 of 102
Answer Stats
Hint Answer % Correct
145,102,755 Russia
100%
39,029,342 California
91%
67,281,039 United Kingdom
91%
799 Vatican City
91%
64,531,444 France
82%
83,408,554 Germany
82%
59,240,329 Italy
82%
47,486,935 Spain
82%
30,029,572 Texas
82%
43,531,422 Ukraine
82%
79,034 Andorra
73%
11,611,419 Belgium
73%
22,244,823 Florida
73%
39,039 Liechtenstein
73%
36,686 Monaco
73%
17,501,696 Netherlands
73%
19,677,151 New York
73%
38,307,726 Poland
73%
19,328,560 Romania
73%
33,745 San Marino
73%
84,775,404 Turkiye
73%
8,922,082 Austria
64%
1,328,701 Estonia
64%
10,912,876 Georgia
64%
12,582,032 Illinois
64%
1,873,919 Latvia
64%
526,748 Malta
64%
10,034,113 Michigan
64%
5,403,021 Norway
64%
11,756,058 Ohio
64%
10,290,103 Portugal
64%
2,119,410 Slovenia
64%
10,467,097 Sweden
64%
9,578,167 Belarus
55%
4,060,135 Croatia
55%
5,854,240 Denmark
55%
5,535,992 Finland
55%
10,445,365 Greece
55%
9,709,786 Hungary
55%
370,335 Iceland
55%
4,986,526 Ireland
55%
2,786,651 Lithuania
55%
12,972,008 Pennsylvania
55%
7,296,769 Serbia
55%
8,691,406 Switzerland
55%
5,074,296 Alabama
45%
779,261 Alaska
45%
7,359,197 Arizona
45%
3,045,637 Arkansas
45%
3,270,943 Bosnia and herzegovina
45%
6,885,868 Bulgaria
45%
5,839,926 Colorado
45%
10,510,751 Czechia
45%
6,833,037 Indiana
45%
639,321 Luxembourg
45%
1,385,340 Maine
45%
1,122,867 Montana
45%
627,859 Montenegro
45%
9,261,699 New Jersey
45%
10,698,973 North Carolina
45%
2,103,330 North Macedonia
45%
5,447,622 Slovakia
45%
8,683,619 Virginia
45%
2,854,710 Albania
36%
1,018,396 Delaware
36%
1,440,196 Hawaii
36%
1,939,033 Idaho
36%
4,512,310 Kentucky
36%
6,981,974 Massachusetts
36%
5,717,184 Minnesota
36%
6,177,957 Missouri
36%
3,061,506 Moldova
36%
1,967,923 Nebraska
36%
3,177,772 Nevada
36%
1,395,231 New Hampshire
36%
2,113,344 New Mexico
36%
779,261 North Dakota
36%
4,019,800 Oklahoma
36%
4,240,137 Oregon
36%
909,824 South Dakota
36%
3,380,800 Utah
36%
647,064 Vermont
36%
7,785,786 Washington
36%
1,775,156 West Virginia
36%
5,892,539 Wisconsin
36%
581,381 Wyoming
36%
49,710+ American Samoa
27%
1,244,188 Cyprus
27%
153,836+ Guam
27%
3,200,517 Iowa
27%
2,937,150 Kansas
27%
4,590,241 Louisiana
27%
6,164,660 Maryland
27%
2,940,057 Mississippi
27%
1,093,734 Rhode Island
27%
5,282,634 South Carolina
27%
7,051,339 Tennessee
27%
671,803 Washington D.C
27%
3,626,205 Conneticut
18%
3,221,789 Puerto Rico
18%
87,146+ U.S Virgin Islands
18%
47,329+ Northern Marina islands
0%
No matching quizzes found
Score Distribution
Percent of People with Each Score
Percentile by Number Answered
Your Score History
You have not taken this quiz